Hotel v kúpeľnej zóne

Salvato in:
Dettagli Bibliografici
Autore principale: Bubláková, Barbara (Autore)
Altri autori: Kuráň, Jozef (Relatore della tesi)
Natura: Manoscritto Libro
Lingua:slovacco
Pubblicazione: 2016
Soggetti:
Accesso online:http://is.stuba.sk/zp/portal_zp.pl?podrobnosti=98742
https://opac.crzp.sk/?fn=detailBiblioForm&sid=427371B0090519B80444D221842E
Tags: Aggiungi Tag
Nessun Tag, puoi essere il primo ad aggiungerne!!

MARC

LEADER 00000ntm a22000003a 4500
001 stuzp56694
003 SK-STU
005 20230615152746.6
007 ta
008 150427s2015----xo-----f-mn---000-0-slo-d
040 |a STU  |b slo 
041 0 |a slo 
100 1 |a Bubláková, Barbara  |u 010310  |4 aut  |U SvF Stavebná fakulta  |T SvF Katedra architektúry  |X 54782  |U V181|V310  |Y 19  |7 54782 
242 0 1 |a Hotel in wellness region  |y eng 
245 1 0 |a Hotel v kúpeľnej zóne 
260 |c 2016 
650 4 |a Oravská Polhora  |2 slo 
650 4 |a Hotel  |2 slo 
650 4 |a Kúpele  |2 slo 
650 4 |a Welness  |2 eng 
650 4 |a Oravska Polhora  |2 eng 
650 4 |a Hotel  |2 eng 
700 1 |a Kuráň, Jozef  |u 010310  |k Z2  |4 ths  |U SvF Stavebná fakulta  |T SvF Katedra architektúry  |X 710  |U V181|V310  |Y 19  |7 A000000710 
856 4 |u http://is.stuba.sk/zp/portal_zp.pl?podrobnosti=98742 
856 4 |u https://opac.crzp.sk/?fn=detailBiblioForm&sid=427371B0090519B80444D221842E 
SQL |a stuzp56694  |b DBP  |c SLO  |d Hotel v kúpeľnej zóne  |e 54782  |f Bubláková, Barbara  |g 010310  |h 710  |i Kuráň, Jozef  |j 20160621  |k 4  |l 01  |m http://is.stuba.sk/zp/portal_zp.pl?podrobnosti=98742  |n B-PSA  |o 5.1.4. pozemné stavby, 5.1.1. architektúra a urbanizmus